00525nam a22001577a 450000500170000001000130001702000110003003500130004103700100005408200110006424501420007526000330021727000690025030000230031970000250034220110906110017.0 aG-001252 c110.00 aG-001252 bGift  a808.88 a(Five Thousand) 5000 inspiring quotations:ccompiled by Radharaman Agarwal bfor enlightenment, support, self-growth & self-improvement / aAgrabUpkar Prakashan c201? a4840/24, Govind Lane, Ansari Raod, DaryaganjbNew Delhi e110002 a212p. c23cm(pbk)  aAgarwal, Radharaman